[Event "50th POL-ch"]
[Site "Czestochowa POL"]
[Date "1993.04.??"]
[Round "5"]
[White "Maciejewski, Andrzej"]
[Black "Kuczynski, Robert"]
[Result "1/2-1/2"]
[WhiteElo "2375"]
[BlackElo "2525"]
[EventDate "1993.04.17"]
[PlyCount "112"]

1.e4 c5 2.Nf3 d6 3.c3 Nf6 4.Bd3 Nc6 5.Bc2 Bg4 6.O-O e6 7.h3 Bh5 8.Re1 Be7 
9.d3 h6 10.a3 a5 11.d4 cxd4 12.cxd4 d5 13.e5 Nd7 14.Be3 O-O 15.Nc3 Rc8 16.
Ne2 Qe8 17.Nf4 Bxf3 18.gxf3 Bg5 19.Qd3 g6 20.Nh5 Ne7 21.Bxg5 hxg5 22.Ng3 
Nb6 23.Qd2 Qd8 24.Rac1 Nc6 25.b3 Kg7 26.Kh2 Rh8 27.Ne2 Rh5 28.Rg1 Qh8 29.
Rg3 Qh6 30.Kg2 Rh8 31.Rh1 Nc8 32.b4 axb4 33.axb4 Nb6 34.Bd3 Ne7 35.b5 Nc4 
36.Qb4 Re8 37.Qc5 b6 38.Qc7 Nb2 39.Bb1 Nf5 40.Bxf5 exf5 41.Qxb6 Nd3 42.
Qf6+ Kg8 43.Qc6 Re6 44.Qc8+ Kg7 45.Ra1 Nf4+ 46.Kf1 Qh8 47.Qb7 Qf8 48.Ra8 
Qb4 49.Nxf4 gxf4 50.Ra7 fxg3 51.Qxf7+ Kh6 52.f4 Qb1+ 53.Kg2 Qe4+ 54.Kf1 
Qb1+ 55.Kg2 Qe4+ 56.Kf1 Qb1+ 1/2-1/2

[Event "50th POL-ch"]
[Site "Czestochowa POL"]
[Date "1993.04.??"]
[Round "5"]
[White "Markowski, Tomasz"]
[Black "Pinkas, Karol"]
[Result "1/2-1/2"]
[WhiteElo "2450"]
[BlackElo "2355"]
[EventDate "1993.04.17"]
[PlyCount "71"]

1.e4 e5 2.Nf3 Nc6 3.Bb5 a6 4.Ba4 Bc5 5.O-O Nf6 6.d3 d6 7.c3 Ba7 8.Re1 O-O 
9.h3 h6 10.Bb3 Nd7 11.d4 Qf6 12.Be3 Re8 13.Qd3 Nf8 14.Nbd2 Ng6 15.d5 Nce7 
16.Bxa7 Rxa7 17.Qe3 Ra8 18.Kh2 Nf4 19.Ng1 Qg6 20.g3 Nh5 21.f4 exf4 22.gxf4
Qf6 23.Ne2 Qh4 24.Rg1 Nf6 25.Qf3 Ng6 26.Rg2 h5 27.f5 Ne5 28.Qg3 Neg4+ 29.
Kh1 Qxg3 30.Nxg3 Ne5 31.Rag1 Kh7 32.Ne2 Rg8 33.Nf4 Bd7 34.Rg5 Kh6 35.R5g3 
g5 36.fxg6 1/2-1/2

[Event "50th POL-ch"]
[Site "Czestochowa POL"]
[Date "1993.04.??"]
[Round "5"]
[White "Matlak, Marek"]
[Black "Jakubiec, Artur"]
[Result "1-0"]
[WhiteElo "2435"]
[BlackElo "2355"]
[EventDate "1993.04.17"]
[PlyCount "65"]

1.Nf3 d6 2.d4 f5 3.g3 Nf6 4.Bg2 g6 5.c3 Bg7 6.Qb3 e6 7.Nbd2 O-O 8.O-O Nc6 
9.Re1 d5 10.Ne5 Nxe5 11.dxe5 Ne4 12.f4 Nxd2 13.Bxd2 c5 14.Be3 c4 15.Qc2 
Rf7 16.Bc5 Bf8 17.Bxf8 Qxf8 18.Qd2 Qc5+ 19.Kh1 Rb8 20.b4 Qc7 21.a4 a5 22.
b5 g5 23.Qd4 g4 24.Kg1 Bd7 25.Kf2 Rc8 26.Rh1 h5 27.h3 Rh7 28.hxg4 hxg4 29.
Bxd5 exd5 30.Qxd5+ Rf7 31.Rh6 Be8 32.Rah1 Qd7 33.Rd6 1-0

[Event "50th POL-ch"]
[Site "Czestochowa POL"]
[Date "1993.04.??"]
[Round "5"]
[White "Skalik, Przemyslaw"]
[Black "Pedzich, Dominik"]
[Result "1-0"]
[WhiteElo "2340"]
[BlackElo "2390"]
[EventDate "1993.04.17"]
[PlyCount "81"]

1.d4 Nf6 2.c4 e6 3.Nf3 Bb4+ 4.Nbd2 b6 5.a3 Be7 6.e4 d5 7.Qc2 dxe4 8.Nxe4 
Bb7 9.Bd3 Nbd7 10.O-O O-O 11.Re1 c5 12.dxc5 bxc5 13.Nxf6+ Nxf6 14.Ne5 Qd4 
15.Bg5 h6 16.Bh7+ Nxh7 17.Bxe7 Rfe8 18.Rad1 Qf4 19.Rd7 Bxg2 20.Bxc5 Bh3 
21.Qc1 Qh4 22.Rxf7 Ng5 23.Rf4 Qh5 24.Qd1 Qxd1 25.Rxd1 a5 26.Bd6 Bf5 27.
Rfd4 Rec8 28.f3 Nh3+ 29.Kg2 g5 30.Ng4 Bxg4 31.fxg4 Nf4+ 32.Bxf4 gxf4 33.
Rxf4 Rab8 34.Rd2 Rb7 35.Rc2 Rc5 36.Rf6 h5 37.Rxe6 Rg5 38.Re4 hxg4 39.c5 
Rc7 40.b4 axb4 41.axb4 1-0

[Event "50th POL-ch"]
[Site "Czestochowa POL"]
[Date "1993.04.??"]
[Round "6"]
[White "Jakubiec, Artur"]
[Black "Skalik, Przemyslaw"]
[Result "0-1"]
[WhiteElo "2355"]
[BlackElo "2340"]
[EventDate "1993.04.17"]
[PlyCount "52"]

1.e4 e5 2.Nf3 Nc6 3.Bc4 Bc5 4.O-O Nf6 5.d3 d6 6.Bb3 a6 7.c3 O-O 8.Nbd2 Ba7
9.Re1 Ng4 10.Re2 Kh8 11.h3 Nh6 12.Nf1 f5 13.Bxh6 gxh6 14.exf5 Bxf5 15.Bd5 
Qf6 16.Ng3 Bd7 17.Be4 Rg8 18.Kh2 Bxf2 19.Nh5 Qf7 20.Rxf2 Qxh5 21.d4 exd4 
22.cxd4 d5 23.Bc2 Raf8 24.Qd2 Bxh3 25.gxh3 Rxf3 26.Rxf3 Qxf3 0-1

[Event "50th POL-ch"]
[Site "Czestochowa POL"]
[Date "1993.04.??"]
[Round "6"]
[White "Markowski, Tomasz"]
[Black "Ciemniak, Robert"]
[Result "1/2-1/2"]
[WhiteElo "2450"]
[BlackElo "2440"]
[EventDate "1993.04.17"]
[PlyCount "49"]

1.Nf3 Nf6 2.c4 c5 3.g3 d5 4.Bg2 Nc6 5.O-O e5 6.Qa4 Bd6 7.Ng5 Be7 8.cxd5 
Nxd5 9.Qc4 Bxg5 10.Bxd5 O-O 11.Bxc6 bxc6 12.d3 Be7 13.Be3 Rb8 14.Bxc5 Rxb2
15.Bxe7 Qxe7 16.Nc3 Be6 17.Qe4 Qd6 18.Rfc1 h6 19.Nd1 Bd5 20.Qe3 Rb7 21.Qc5
Qxc5 22.Rxc5 Rb5 23.Rcc1 Rfb8 24.f3 Ra5 25.a3 1/2-1/2

[Event "50th POL-ch"]
[Site "Czestochowa POL"]
[Date "1993.04.??"]
[Round "6"]
[White "Pedzich, Dominik"]
[Black "Maciejewski, Andrzej"]
[Result "1/2-1/2"]
[WhiteElo "2390"]
[BlackElo "2375"]
[EventDate "1993.04.17"]
[PlyCount "23"]

1.e4 e5 2.Nf3 d6 3.d4 exd4 4.Nxd4 g6 5.Nc3 Bg7 6.Be3 Nc6 7.Qd2 Nf6 8.O-O-O
Nxd4 9.Bxd4 O-O 10.f3 Be6 11.g4 c5 12.Be3 1/2-1/2

[Event "50th POL-ch"]
[Site "Czestochowa POL"]
[Date "1993.04.??"]
[Round "6"]
[White "Pinkas, Karol"]
[Black "Kuczynski, Robert"]
[Result "0-1"]
[WhiteElo "2355"]
[BlackElo "2525"]
[EventDate "1993.04.17"]
[PlyCount "84"]

1.e4 c5 2.Nf3 d6 3.d4 cxd4 4.Nxd4 Nf6 5.Nc3 a6 6.Bg5 e6 7.Qd2 Nbd7 8.O-O-O
Qc7 9.Bd3 Be7 10.Rhe1 Rb8 11.f4 h6 12.Bh4 b5 13.e5 b4 14.Nxe6 fxe6 15.exf6
gxf6 16.Nd5 exd5 17.Bg6+ Kd8 18.Rxe7 Kxe7 19.Qxd5 Rf8 20.Bf2 Rb5 21.Qe4+ 
Kd8 22.Qe6 d5 23.Kb1 Bb7 24.Re1 Nc5 25.Qh3 Ne4 26.Qxh6 Qd6 27.Bd4 Kc7 28.
Ba7 Rd8 29.Bf5 Qe7 30.Ka1 Bc8 31.Bg6 f5 32.Bd4 Ra5 33.Bxf5 Rd6 34.Qh5 Bxf5
35.Qxf5 Kb7 36.Be5 Rc6 37.Rc1 Rc8 38.g4 Rf8 39.Qg6 Qd7 40.Rd1 Rc8 41.Qxe4 
Rxa2+ 42.Kb1 Ra1+ 0-1

[Event "50th POL-ch"]
[Site "Czestochowa POL"]
[Date "1993.04.??"]
[Round "6"]
[White "Sapis, Witalis"]
[Black "Gizynski, Tomasz"]
[Result "1/2-1/2"]
[WhiteElo "2420"]
[BlackElo "2350"]
[EventDate "1993.04.17"]
[PlyCount "52"]

1.d4 e6 2.c4 Nf6 3.Nc3 Bb4 4.Qc2 Nc6 5.Nf3 d6 6.a3 Bxc3+ 7.Qxc3 a5 8.b3 
O-O 9.Bb2 Qe7 10.g3 Re8 11.Bg2 e5 12.dxe5 dxe5 13.O-O Bg4 14.h3 Bf5 15.Nh4
Be4 16.f3 Qc5+ 17.Kh2 Bg6 18.Rad1 Rad8 19.Rxd8 Rxd8 20.Nxg6 hxg6 21.f4 
exf4 22.gxf4 Qh5 23.Bf3 Qf5 24.Bd5 Qh5 25.Bf3 Qf5 26.Bd5 Qh5 1/2-1/2

[Event "50th POL-ch"]
[Site "Czestochowa POL"]
[Date "1993.04.??"]
[Round "6"]
[White "Schmidt, Wlodzimierz"]
[Black "Matlak, Marek"]
[Result "0-1"]
[WhiteElo "2425"]
[BlackElo "2435"]
[EventDate "1993.04.17"]
[PlyCount "56"]

1.Nf3 d5 2.d4 c6 3.c4 e6 4.Nc3 dxc4 5.a4 Bb4 6.e3 b5 7.Bd2 a5 8.axb5 Bxc3 
9.Bxc3 cxb5 10.b3 Bb7 11.bxc4 b4 12.Bb2 Nf6 13.Bd3 Nbd7 14.Qc2 Qc7 15.e4 
e5 16.dxe5 Nh5 17.g3 Nc5 18.O-O O-O 19.Bd4 Rfd8 20.Bxc5 Qxc5 21.Rfd1 g6 
22.Be2 Ng7 23.Rxd8+ Rxd8 24.Rd1 Rxd1+ 25.Qxd1 Ne6 26.h4 Kg7 27.h5 Bxe4 28.
Qd2 b3 0-1

[Event "50th POL-ch"]
[Site "Czestochowa POL"]
[Date "1993.04.??"]
[Round "6"]
[White "Urban, Klaudiusz"]
[Black "Grabarczyk, Miroslaw"]
[Result "0-1"]
[WhiteElo "2450"]
[BlackElo "2455"]
[EventDate "1993.04.17"]
[PlyCount "82"]

1.c4 c5 2.g3 Nc6 3.Bg2 g6 4.Nc3 Bg7 5.d3 e6 6.e4 d6 7.Nge2 a6 8.O-O Nge7 
9.a3 O-O 10.Rb1 Nd4 11.b4 Nec6 12.Nxd4 Nxd4 13.Ne2 Rb8 14.Bb2 b5 15.Nxd4 
cxd4 16.Rc1 bxc4 17.dxc4 e5 18.Qd3 Bd7 19.f4 Qe7 20.Rf2 Rfc8 21.Qf3 h5 22.
Bf1 Rc7 23.Bd3 Rbc8 24.Rcc2 Ba4 25.Rc1 Bb3 26.c5 dxc5 27.bxc5 Rxc5 28.Rxc5
Qxc5 29.Bxa6 Rb8 30.Bd3 Be6 31.Rc2 Qa5 32.Qe2 Bg4 33.Qd2 Qxd2 34.Rxd2 Bh6 
35.Rf2 h4 36.Kf1 hxg3 37.hxg3 Rb3 38.Bc4 Rxg3 39.fxe5 Be3 40.Bxf7+ Kg7 41.
Bc4 Bh3+ 0-1

[Event "50th POL-ch"]
[Site "Czestochowa POL"]
[Date "1993.04.??"]
[Round "7"]
[White "Ciemniak, Robert"]
[Black "Pinkas, Karol"]
[Result "1/2-1/2"]
[WhiteElo "2440"]
[BlackElo "2355"]
[EventDate "1993.04.17"]
[PlyCount "93"]

1.e4 e5 2.Nf3 Nc6 3.Bb5 a6 4.Ba4 Bc5 5.O-O Nf6 6.c3 Ba7 7.d4 Nxe4 8.dxe5 
d5 9.exd6 O-O 10.dxc7 Qxc7 11.Bc2 Re8 12.Nbd2 Nf6 13.Nc4 Rd8 14.Qe2 Bg4 
15.Bg5 Re8 16.Ne3 Ne5 17.Bf4 Bxf3 18.gxf3 Qc6 19.Kg2 Nh5 20.Bg3 Ng6 21.
Bxg6 Qxg6 22.Qc4 Bxe3 23.fxe3 Rxe3 24.Rae1 b5 25.Qd4 Rd3 26.Qe4 Rd2+ 27.
Rf2 Rxf2+ 28.Kxf2 Qxe4 29.Rxe4 f5 30.Re7 f4 31.Bh4 h6 32.Ke2 Kf8 33.Re5 
Re8 34.Rxe8+ Kxe8 35.Kd3 Kd7 36.c4 g5 37.Be1 bxc4+ 38.Kxc4 Ng7 39.b4 Kd6 
40.Kd4 Nf5+ 41.Ke4 Ne3 42.Bc3 Nf1 43.h3 Ng3+ 44.Kd3 Kd5 45.Be1 Nf5 46.Bf2 
Ne7 47.Bd4 1/2-1/2

[Event "50th POL-ch"]
[Site "Czestochowa POL"]
[Date "1993.04.??"]
[Round "7"]
[White "Gizynski, Tomasz"]
[Black "Markowski, Tomasz"]
[Result "0-1"]
[WhiteElo "2350"]
[BlackElo "2450"]
[EventDate "1993.04.17"]
[PlyCount "132"]

1.e4 c5 2.Nf3 e6 3.d4 cxd4 4.Nxd4 Nf6 5.Nc3 d6 6.Be2 Nc6 7.O-O Be7 8.Be3 
O-O 9.f4 e5 10.fxe5 dxe5 11.Nf5 Bxf5 12.Rxf5 Qa5 13.Kh1 Rad8 14.Bd3 g6 15.
Rf1 Rd6 16.Bg5 Nh5 17.Bd2 Qd8 18.Nd5 Bg5 19.c4 Bxd2 20.Qxd2 b6 21.Qe3 Nd4 
22.Rf2 Nf6 23.Qg3 Nxd5 24.cxd5 Qe7 25.Raf1 f6 26.h3 Rc8 27.Kh2 Kg7 28.Qh4 
b5 29.Qg4 Rc7 30.Kh1 b4 31.Qd1 Qd7 32.b3 Rc3 33.Qd2 Qc7 34.Bc4 a5 35.Rc1 
Rxc1+ 36.Qxc1 Qc5 37.Qf1 f5 38.exf5 Nxf5 39.Kh2 Rf6 40.Qe1 Qd6 41.Kg1 Nd4 
42.Rd2 Rf4 43.Qe3 Rf7 44.Rd1 Nf5 45.Qd3 Qc5+ 46.Kh2 Nd6 47.Qe2 Re7 48.Rf1 
Qd4 49.Rd1 Qc5 50.Rf1 Qd4 51.Rd1 Qf4+ 52.g3 Qf5 53.Rf1 Qe4 54.Qf2 Rf7 55.
Qc5 Qc2+ 56.Kg1 Rxf1+ 57.Kxf1 Qb1+ 58.Kg2 Qxa2+ 59.Kf3 e4+ 60.Kf4 Qd2+ 61.
Ke5 Nf7+ 62.Ke6 Qc3 63.d6 e3 64.Kd7 Qe5 65.Qxe5+ Nxe5+ 66.Kc7 a4 0-1

[Event "50th POL-ch"]
[Site "Czestochowa POL"]
[Date "1993.04.??"]
[Round "7"]
[White "Grabarczyk, Miroslaw"]
[Black "Sapis, Witalis"]
[Result "1-0"]
[WhiteElo "2455"]
[BlackElo "2420"]
[EventDate "1993.04.17"]
[PlyCount "95"]

1.d4 c6 2.c4 Nf6 3.Nc3 d5 4.Nf3 dxc4 5.a4 Bg4 6.Ne5 Bh5 7.f3 Nfd7 8.Nxc4 
e5 9.e4 Qh4+ 10.g3 Qf6 11.dxe5 Qxf3 12.Nd6+ Kd8 13.Qxf3 Bxf3 14.Nxf7+ Ke8 
15.Nxh8 Bxh1 16.e6 Nc5 17.Be3 Bf3 18.Bh3 Nba6 19.Nf7 Nb4 20.Kf2 Bxe4 21.
Nxe4 Nxe4+ 22.Kf3 Nc2 23.Rf1 Nxe3 24.Kxe3 Nf6 25.Ne5 Bd6 26.Nd7 Ke7 27.Rf5
Rh8 28.Nxf6 gxf6 29.Rh5 h6 30.Ke4 Be5 31.b3 b5 32.Kf5 a6 33.Rh4 c5 34.Rg4 
Kd6 35.axb5 axb5 36.Rg7 c4 37.bxc4 b4 38.Rb7 Rg8 39.Rxb4 Bc3 40.Rb5 Rg5+ 
41.Ke4 Rxb5 42.cxb5 Ba5 43.Kf5 Ke7 44.Kg6 Bb6 45.Bf5 Bg1 46.h4 Bf2 47.Kxh6
Bxg3 48.h5 1-0

[Event "50th POL-ch"]
[Site "Czestochowa POL"]
[Date "1993.04.??"]
[Round "7"]
[White "Kuczynski, Robert"]
[Black "Pedzich, Dominik"]
[Result "1/2-1/2"]
[WhiteElo "2525"]
[BlackElo "2390"]
[EventDate "1993.04.17"]
[PlyCount "37"]

1.e4 c5 2.Nf3 e6 3.Nc3 d6 4.d4 cxd4 5.Qxd4 Nc6 6.Bb5 Bd7 7.Qd3 Nf6 8.Bf4 
a6 9.Bxc6 Bxc6 10.O-O-O Qc7 11.Rhe1 O-O-O 12.Nd2 Ng4 13.Qg3 Ne5 14.Be3 h5 
15.Bd4 b5 16.Kb1 h4 17.Qe3 Kb7 18.Rc1 g5 19.f3 1/2-1/2

[Event "50th POL-ch"]
[Site "Czestochowa POL"]
[Date "1993.04.??"]
[Round "7"]
[White "Maciejewski, Andrzej"]
[Black "Jakubiec, Artur"]
[Result "0-1"]
[WhiteElo "2375"]
[BlackElo "2355"]
[EventDate "1993.04.17"]
[PlyCount "82"]

1.g3 d5 2.Bg2 Nf6 3.d3 c5 4.c3 Nc6 5.a3 Bf5 6.b4 e6 7.Nf3 Bd6 8.O-O h6 9.
Re1 O-O 10.Nbd2 Bh7 11.Bb2 b5 12.a4 Qb6 13.axb5 Qxb5 14.c4 Qxb4 15.Bxf6 
gxf6 16.cxd5 exd5 17.Ra4 Qc3 18.Ra6 Rac8 19.Nh4 Rfd8 20.Nb1 Qb2 21.e3 Bf8 
22.Qg4+ Kh8 23.Qh5 Ne5 24.Rxf6 Bg7 25.Rf5 Bg6 26.Qd1 c4 27.d4 Bxf5 28.Nxf5
Ng6 29.Nxg7 Kxg7 30.Re2 Qb3 31.Rc2 c3 32.h4 Rd6 33.h5 Rb6 34.Na3 Ne7 35.
Qg4+ Kf8 36.Kh2 Qxa3 37.Bxd5 Qd6 38.Be4 Rb2 39.Qf3 Rxc2 40.Bxc2 Rb8 41.e4 
Qxd4 0-1

[Event "50th POL-ch"]
[Site "Czestochowa POL"]
[Date "1993.04.??"]
[Round "7"]
[White "Matlak, Marek"]
[Black "Urban, Klaudiusz"]
[Result "1/2-1/2"]
[WhiteElo "2435"]
[BlackElo "2450"]
[EventDate "1993.04.17"]
[PlyCount "21"]

1.d4 g6 2.g3 Bg7 3.Bg2 d5 4.Nf3 Nf6 5.O-O O-O 6.c3 c6 7.Bf4 Bf5 8.h3 Ne4 
9.Nbd2 Qb6 10.Qb3 Nd7 11.g4 1/2-1/2

[Event "50th POL-ch"]
[Site "Czestochowa POL"]
[Date "1993.04.??"]
[Round "7"]
[White "Skalik, Przemyslaw"]
[Black "Schmidt, Wlodzimierz"]
[Result "1/2-1/2"]
[WhiteElo "2340"]
[BlackElo "2425"]
[EventDate "1993.04.17"]
[PlyCount "41"]

1.Nf3 Nf6 2.c4 g6 3.Nc3 Bg7 4.e4 d6 5.d4 O-O 6.Be2 e5 7.dxe5 dxe5 8.Qxd8 
Rxd8 9.Bg5 c6 10.Nxe5 Re8 11.O-O-O Na6 12.Rd6 Be6 13.f4 h6 14.Bxf6 Bxf6 
15.Rhd1 Bxe5 16.fxe5 Kf8 17.c5 Nc7 18.g4 Bc8 19.Rf1 Kg7 20.Bc4 Re7 21.h3 
1/2-1/2

[Event "50th POL-ch"]
[Site "Czestochowa POL"]
[Date "1993.04.??"]
[Round "8"]
[White "Ciemniak, Robert"]
[Black "Gizynski, Tomasz"]
[Result "0-1"]
[WhiteElo "2440"]
[BlackElo "2350"]
[EventDate "1993.04.17"]
[PlyCount "96"]

1.e4 e6 2.d4 d5 3.e5 c5 4.c3 Nc6 5.Nf3 Nge7 6.Na3 cxd4 7.cxd4 Nf5 8.Nc2 
Qa5+ 9.Bd2 Qb6 10.Bc3 Bd7 11.Be2 Be7 12.Qd2 a5 13.O-O h5 14.b3 g6 15.a3 
O-O 16.g3 Rfc8 17.Rfc1 Bf8 18.h4 Bh6 19.Ng5 Qd8 20.Kg2 Nce7 21.Ne1 b6 22.
Nd3 Bb5 23.a4 Ba6 24.f4 Nc6 25.Nf3 Bf8 26.Nf2 Bxe2 27.Qxe2 Nh6 28.Ng5 Ne7 
29.Rc2 Nef5 30.Rac1 Rc6 31.Bb2 Rxc2 32.Rxc2 Rc8 33.Kf3 Rc7 34.Qd2 Bb4 35.
Qc1 Rxc2 36.Qxc2 Qd7 37.Ngh3 Ng4 38.Nd3 Be7 39.Ng1 Kg7 40.Ne2 Nh2+ 41.Kf2 
Ng4+ 42.Kf3 b5 43.Bc1 Qa7 44.Qc3 b4 45.Qa1 Bd8 46.Bb2 Bb6 47.Ne1 Qa6 48.
Qc1 Bxd4 0-1

[Event "50th POL-ch"]
[Site "Czestochowa POL"]
[Date "1993.04.??"]
[Round "8"]
[White "Jakubiec, Artur"]
[Black "Kuczynski, Robert"]
[Result "0-1"]
[WhiteElo "2355"]
[BlackElo "2525"]
[EventDate "1993.04.17"]
[PlyCount "76"]

1.e4 c5 2.c3 d5 3.exd5 Qxd5 4.d4 Nf6 5.Nf3 Nc6 6.Na3 Bg4 7.Bc4 Qe4+ 8.Be3 
cxd4 9.cxd4 e6 10.Nb5 Bb4+ 11.Kf1 O-O 12.a3 Be7 13.Nc3 Bxf3 14.Qxf3 Qxf3 
15.gxf3 Rfd8 16.Rd1 Na5 17.Ba2 Nd5 18.Nxd5 exd5 19.Rc1 b5 20.Ke2 Nc4 21.a4
a6 22.b3 Nd6 23.Rc7 Bf6 24.Rhc1 h5 25.a5 Nf5 26.Kd3 Be7 27.Bd2 Ba3 28.R1c2
Bd6 29.R7c6 Ne7 30.Rb6 Bxh2 31.f4 Ng6 32.f5 Nf4+ 33.Bxf4 Bxf4 34.b4 h4 35.
Ke2 h3 36.Kf3 h2 37.Kg2 Re8 38.Bxd5 Rad8 0-1

[Event "50th POL-ch"]
[Site "Czestochowa POL"]
[Date "1993.04.??"]
[Round "8"]
[White "Markowski, Tomasz"]
[Black "Grabarczyk, Miroslaw"]
[Result "1-0"]
[WhiteElo "2450"]
[BlackElo "2455"]
[EventDate "1993.04.17"]
[PlyCount "85"]

1.e4 c6 2.d4 d5 3.Nd2 dxe4 4.Nxe4 Bf5 5.Ng3 Bg6 6.h4 h6 7.Bc4 e6 8.N1e2 
Bd6 9.Nf4 Bxf4 10.Bxf4 Nf6 11.Qd2 Nbd7 12.O-O-O Nd5 13.Rde1 N7b6 14.Bb3 
Nxf4 15.Qxf4 Nd5 16.Qe5 Qf6 17.Ne4 Bxe4 18.Qxe4 Qxf2 19.Rhf1 Qg3 20.Rxf7 
Qxe1+ 21.Qxe1 Kxf7 22.Qf2+ Nf6 23.g4 g5 24.Qf5 Rae8 25.h5 Rhf8 26.a4 Kg7 
27.Qg6+ Kh8 28.Qxh6+ Nh7 29.Qg6 Re7 30.Bxe6 Rg7 31.Qe4 Re7 32.c4 Rf6 33.d5
cxd5 34.cxd5 Kg7 35.Qe5 Kh6 36.a5 b5 37.Kb1 Re8 38.a6 b4 39.Ka2 b3+ 40.
Kxb3 Rf3+ 41.Ka2 Nf6 42.Qc7 Ne4 43.Bf5 1-0

[Event "50th POL-ch"]
[Site "Czestochowa POL"]
[Date "1993.04.??"]
[Round "8"]
[White "Pinkas, Karol"]
[Black "Pedzich, Dominik"]
[Result "0-1"]
[WhiteElo "2355"]
[BlackElo "2390"]
[EventDate "1993.04.17"]
[PlyCount "222"]

1.e4 c5 2.Nf3 e6 3.d4 cxd4 4.Nxd4 Nf6 5.Nc3 d6 6.Be2 a6 7.O-O Qc7 8.f4 Be7
9.Be3 O-O 10.Kh1 b5 11.Bd3 Bb7 12.a3 Nbd7 13.Qf3 Rac8 14.Qh3 Rfe8 15.Nf3 
e5 16.Rae1 exf4 17.Bxf4 Ne5 18.Nxe5 dxe5 19.Bg5 Qd7 20.Rf5 Rxc3 21.bxc3 
Nxe4 22.Bxe7 Nf2+ 23.Rxf2 Qxh3 24.Rxe5 Qd7 25.Rfe2 Bd5 26.Kg1 Be6 27.Bc5 
Rc8 28.Bd4 h6 29.R2e3 Qd6 30.h4 Qxa3 31.Rg3 Qf8 32.Re1 Rd8 33.Rxg7+ Qxg7 
34.Bxg7 Kxg7 35.Ra1 Rd6 36.Be4 Bc4 37.Kf2 Re6 38.Kf3 Rd6 39.Ke3 Kf8 40.Bb7
Re6+ 41.Kd4 Rb6 42.Bxa6 Rg6 43.Kc5 Rxg2 44.Bxb5 Be6 45.Bd3 Rg4 46.Rh1 Ke7 
47.c4 f5 48.Kb6 f4 49.c5 f3 50.c6 f2 51.Rh2 Rf4 52.c7 Rf6 53.Rg2 Bh3+ 54.
Kc5 Kd7 55.Rg7+ Kc8 56.h5 f1=Q 57.Bxf1 Rxf1 58.Rg6 Kxc7 59.Rxh6 Rf5+ 60.
Kd4 Bg4 61.Rh7+ Kd6 62.h6 Rh5 63.Ra7 Bd7 64.h7 Rxh7 65.Ra5 Rh4+ 66.Kd3 Be6
67.Rg5 Bd5 68.Rg7 Kc5 69.Rc7+ Bc6 70.Ke3 Rh3+ 71.Kf4 Rc3 72.Rc8 Rxc2 73.
Ke5 Re2+ 74.Kf5 Re1 75.Kf4 Kd5 76.Rd8+ Ke6 77.Rc8 Re4+ 78.Kf3 Rc4+ 79.Ke3 
Ke5 80.Kd3 Rd4+ 81.Kc3 Rd6 82.Kc4 Bd5+ 83.Kc3 Rb6 84.Kd3 Rb3+ 85.Rc3 Rb2 
86.Rc8 Be4+ 87.Ke3 Rb3+ 88.Kd2 Kd4 89.Rd8+ Bd5 90.Rd7 Rh3 91.Rd8 Rh2+ 92.
Kd1 Ke4 93.Kc1 Rg2 94.Kd1 Bc4 95.Rd2 Rg8 96.Kc2 Rc8 97.Kb2 Bd3 98.Rh2 Kd4 
99.Rh6 Rb8+ 100.Kc1 Kc3 101.Rc6+ Bc4 102.Rc7 Ra8 103.Rb7 Ra1+ 104.Rb1 Ra2 
105.Rb8 Ra7 106.Rb2 Ra1+ 107.Rb1 Ra2 108.Rb8 Rc2+ 109.Kb1 Rh2 110.Ka1 Rh7 
111.Rb7 Rh5 0-1

[Event "50th POL-ch"]
[Site "Czestochowa POL"]
[Date "1993.04.??"]
[Round "8"]
[White "Sapis, Witalis"]
[Black "Matlak, Marek"]
[Result "1/2-1/2"]
[WhiteElo "2420"]
[BlackElo "2435"]
[EventDate "1993.04.17"]
[PlyCount "72"]

1.d4 d5 2.c4 e6 3.cxd5 exd5 4.Nc3 c6 5.Qc2 Bd6 6.Nf3 Ne7 7.Bg5 f6 8.Bd2 f5
9.Bg5 O-O 10.e3 Nd7 11.Bf4 Nf6 12.Bxd6 Qxd6 13.Ne5 Ng4 14.Nxg4 fxg4 15.Bd3
Bf5 16.O-O-O Bxd3 17.Rxd3 Qg6 18.Nd1 Nf5 19.Rb3 Rf7 20.Qd3 Re8 21.Kb1 Qh6 
22.h3 g3 23.f3 Qf6 24.a3 Rfe7 25.Qd2 Qh6 26.Re1 c5 27.dxc5 d4 28.Qd3 Nxe3 
29.Qxd4 Qg6+ 30.Ka2 Nxg2 31.Qd5+ Qf7 32.Qxf7+ Kxf7 33.Rxe7+ Rxe7 34.f4 
Nxf4 35.Rxg3 h6 36.Nc3 g5 1/2-1/2

[Event "50th POL-ch"]
[Site "Czestochowa POL"]
[Date "1993.04.??"]
[Round "8"]
[White "Schmidt, Wlodzimierz"]
[Black "Maciejewski, Andrzej"]
[Result "1/2-1/2"]
[WhiteElo "2425"]
[BlackElo "2375"]
[EventDate "1993.04.17"]
[PlyCount "31"]

1.Nf3 g6 2.c4 Bg7 3.d4 d6 4.Nc3 c6 5.e4 a6 6.Be2 b5 7.O-O Nd7 8.h3 Qc7 9.
a3 Ngf6 10.Be3 O-O 11.Rc1 Qb8 12.Qc2 e5 13.Rfd1 Re8 14.d5 cxd5 15.cxd5 Nb6
16.Nd2 1/2-1/2

[Event "50th POL-ch"]
[Site "Czestochowa POL"]
[Date "1993.04.??"]
[Round "8"]
[White "Urban, Klaudiusz"]
[Black "Skalik, Przemyslaw"]
[Result "0-1"]
[WhiteElo "2450"]
[BlackElo "2340"]
[EventDate "1993.04.17"]
[PlyCount "108"]

1.d4 d5 2.c4 c6 3.Nf3 e6 4.Qc2 dxc4 5.Qxc4 b5 6.Qc2 Bb7 7.Bg5 Qb6 8.e3 Nd7
9.Be2 c5 10.O-O Rc8 11.Rc1 f6 12.Bh4 cxd4 13.Qxc8+ Bxc8 14.Rxc8+ Kf7 15.
Nxd4 Ne7 16.Rc2 Ng6 17.Bg3 Bc5 18.Nxb5 Nge5 19.N1c3 Bb4 20.Rd1 a6 21.Nd4 
Bxc3 22.Rxc3 Qxb2 23.Rc7 Kg6 24.f4 Qxa2 25.fxe5 Nxe5 26.h4 h5 27.Bxe5 fxe5
28.Bd3+ Kh6 29.Nf3 Rf8 30.Rc2 Qa4 31.Nxe5 Qxh4 32.Rf1 Rxf1+ 33.Kxf1 Qe7 
34.Rf2 h4 35.Nf7+ Kh5 36.Be2+ Kg6 37.Bd3+ Kh5 38.Be2+ Kg6 39.Bxa6 Qa3 40.
Ne5+ Kh6 41.Bd3 Qa1+ 42.Ke2 Qxe5 43.Rf4 g5 44.Re4 Qd5 45.Kd2 Kg7 46.Kc3 
Kf6 47.Kd2 Qa5+ 48.Ke2 Qa2+ 49.Kf3 Qd2 50.Bc4 Qd1+ 51.Kf2 Qc2+ 52.Kf3 e5 
53.Be2 Qc6 54.Bd3 Kf5 0-1

[Event "50th POL-ch"]
[Site "Czestochowa POL"]
[Date "1993.04.??"]
[Round "9"]
[White "Gizynski, Tomasz"]
[Black "Pinkas, Karol"]
[Result "1/2-1/2"]
[WhiteElo "2350"]
[BlackElo "2355"]
[EventDate "1993.04.17"]
[PlyCount "55"]

1.e4 e5 2.Nf3 Nc6 3.Bc4 Nf6 4.d3 Bc5 5.O-O d6 6.c3 Bb6 7.Nbd2 O-O 8.Bb3 
Ne7 9.Nc4 Ng6 10.h3 h6 11.Nxb6 axb6 12.Re1 Qe7 13.d4 Be6 14.c4 c5 15.dxe5 
dxe5 16.Bd2 Rfd8 17.Qc2 Nh5 18.Qc3 Nhf4 19.Bxf4 Nxf4 20.Re3 Rd4 21.Qe1 
Bxc4 22.Nxd4 exd4 23.Bxc4 dxe3 24.Qxe3 Qg5 25.Qf3 Rd8 26.g3 Rd4 27.b3 Ne6 
28.h4 1/2-1/2

[Event "50th POL-ch"]
[Site "Czestochowa POL"]
[Date "1993.04.??"]
[Round "9"]
[White "Grabarczyk, Miroslaw"]
[Black "Ciemniak, Robert"]
[Result "0-1"]
[WhiteElo "2455"]
[BlackElo "2440"]
[EventDate "1993.04.17"]
[PlyCount "124"]

1.d4 Nf6 2.Nf3 c5 3.d5 g6 4.Nc3 Bg7 5.e4 O-O 6.Be2 d6 7.O-O Na6 8.h3 Nc7 
9.a4 b6 10.Bf4 a6 11.e5 dxe5 12.Nxe5 Ncxd5 13.Nxd5 Qxd5 14.Bf3 Qxd1 15.
Raxd1 Ra7 16.Nc6 Rd7 17.Rxd7 Bxd7 18.Nxe7+ Kh8 19.Rd1 Re8 20.Nc6 Bf5 21.c3
Bc2 22.Rd6 Bxa4 23.Ne5 Ne4 24.Nxf7+ Kg8 25.Bxe4 Rxe4 26.Nh6+ Kf8 27.Rd8+ 
Ke7 28.Bg5+ Ke6 29.Ra8 Bb5 30.Ra7 Bxh6 31.Bxh6 Re1+ 32.Kh2 Re2 33.Rb7 Rxb2
34.Rxb6+ Kd5 35.Be3 a5 36.Rb8 c4 37.Kg3 a4 38.Kf4 Rb3 39.Bd4 a3 40.Ra8 Bc6
41.Ra5+ Ke6 42.g4 g5+ 43.Ke3 Rb1 44.Rxa3 Rh1 45.Ra5 Rxh3+ 46.Kd2 h6 47.
Re5+ Kd6 48.Rc5 Bd5 49.Rc8 Be6 50.Ra8 Bxg4 51.Ra6+ Kd7 52.Bg7 Be6 53.Ra7+ 
Ke8 54.Be5 Rd3+ 55.Kc1 Bf7 56.Bd4 h5 57.Ra8+ Ke7 58.Ra7+ Kf8 59.Ra8+ Be8 
60.Ra7 g4 61.Rh7 Bg6 62.Rh6 Rxd4 0-1

[Event "50th POL-ch"]
[Site "Czestochowa POL"]
[Date "1993.04.??"]
[Round "9"]
[White "Kuczynski, Robert"]
[Black "Schmidt, Wlodzimierz"]
[Result "1-0"]
[WhiteElo "2525"]
[BlackElo "2425"]
[EventDate "1993.04.17"]
[PlyCount "65"]

1.e4 c5 2.Nf3 e6 3.d4 cxd4 4.Nxd4 Nf6 5.Nc3 d6 6.Be2 Be7 7.O-O O-O 8.f4 a6
9.Kh1 Qc7 10.a4 Nc6 11.Be3 Re8 12.Bf3 Na5 13.Bg1 e5 14.Nde2 exf4 15.Nxf4 
Be6 16.Bd4 Nc4 17.Bxf6 Bxf6 18.Ncd5 Qd8 19.Nxe6 fxe6 20.Nxf6+ gxf6 21.Bh5 
Ne3 22.Qf3 Nxf1 23.Bxe8 Qxe8 24.Rxf1 Qg6 25.Qxf6 Qxe4 26.h3 Qe5 27.Qf7+ 
Kh8 28.Qxb7 Rg8 29.Qxa6 Qe4 30.Rf2 Qd4 31.Qe2 e5 32.b3 e4 33.Qd2 1-0

[Event "50th POL-ch"]
[Site "Czestochowa POL"]
[Date "1993.04.??"]
[Round "9"]
[White "Maciejewski, Andrzej"]
[Black "Urban, Klaudiusz"]
[Result "1/2-1/2"]
[WhiteElo "2375"]
[BlackElo "2450"]
[EventDate "1993.04.17"]
[PlyCount "63"]

1.e4 c6 2.d4 d5 3.exd5 cxd5 4.c4 g6 5.Nc3 Nf6 6.Qb3 Bg7 7.cxd5 O-O 8.Be2 
Nbd7 9.Bf3 Nb6 10.a4 a5 11.Bf4 Bf5 12.Rd1 Rc8 13.Qb5 Rc4 14.Nge2 Rb4 15.
Qxa5 Nbxd5 16.Qxd8 Rxd8 17.Bc1 Bc2 18.Rd2 Bb3 19.O-O Bh6 20.Rd3 Bc2 21.
Nxd5 Nxd5 22.Rc3 Nxc3 23.bxc3 Bxc1 24.cxb4 Bd2 25.Ra1 Ra8 26.Ra2 Rxa4 27.
Rxc2 Ra1+ 28.Nc1 Bxc1 29.g3 Ba3+ 30.Kg2 Bxb4 31.Bxb7 Rd1 32.d5 1/2-1/2

[Event "50th POL-ch"]
[Site "Czestochowa POL"]
[Date "1993.04.??"]
[Round "9"]
[White "Matlak, Marek"]
[Black "Markowski, Tomasz"]
[Result "1/2-1/2"]
[WhiteElo "2435"]
[BlackElo "2450"]
[EventDate "1993.04.17"]
[PlyCount "32"]

1.d4 Nf6 2.Nf3 g6 3.c3 Bg7 4.Bg5 O-O 5.Nbd2 d6 6.e4 c5 7.dxc5 dxc5 8.h3 
Nc6 9.Be2 Qc7 10.O-O Nh5 11.Be3 b6 12.Re1 Nf4 13.Bf1 Rb8 14.Qc2 Ne6 15.a4 
a6 16.Nb3 Ne5 1/2-1/2